Les Meilleurs buteurs de la Serie A 2012-2013 - Statistiques

Statistiques générales
  • Ce quiz a été pris 19 fois
  • Le résultat moyen est 5 sur 11
Statistiques - réponses
Buts Nationalité Club Joueur % Correct
29 Uruguay Naples Edinson Cavani
100%
23 Italie Udinese Antonio Di Natale
89%
15 Allemagne Lazio Miroslav Klose
89%
13 Monténégro Fiorentina Stevan Jovetić
67%
16 Italie Milan Stephan El Shaarawy
44%
15 Argentine Atalanta Germán Denis
22%
13 Italie Bologne Alberto Gilardino
11%
16 Italie Rome Pablo Osvaldo
11%
15 Argentine Rome Erik Lamela
6%
15 Italie Milan Giampaolo Pazzini
6%
13 Argentine Catane Gonzalo Bergessio
6%
Aucun quiz correspondant
Distribution des résultats
% des personnes avec chaque résultat
Percentile par nombre de réponses
Votre historique - résultats
Vous n’avez pas pris ce quiz